000 00624nam a22002297a 4500
001 BR9406341
003 BR-BrBNA
005 20230928094340.0
007 ta
008 230509b bl.||||| |||| 00| 0 por d
040 _aBR-BrBNA
_bpor
_cBiblioteca Nacional de Agricultura
041 _a(Por)
072 _aE11
090 _ E11 BR9406341
110 1 _aInstituto Nacional de Colonizacao e Reforma Agraria, Brasilia, DF (Brazi)
245 1 _aRecadastramento do INCRA
260 3 _aBrasilia, DF (Brazi):
_c1966.
300 _a62 p.
650 _aCadastro Rural
909 _a202309
_bLucia
_c55
_dLucia Elande
942 _cBK
999 _c50218
_d50218